| 000 | 00501nam a22001817a 4500 | ||
|---|---|---|---|
| 003 | NUST - PNEC | ||
| 005 | 20170116181201.0 | ||
| 008 | 160111b xxu||||| |||| 00| 0 eng d | ||
| 020 | _a- | ||
| 040 | _cLIBRARY | ||
| 082 | _a891.439 ASL | ||
| 100 |
_916481 _aAslam Rahi |
||
| 245 |
_aSultan Salahuddin Ayubi _cAslam Rahi |
||
| 260 |
_aLahore _bAmaar Publications; _c2015 |
||
| 300 | _a464 pages | ||
| 650 |
_915837 _aHistory of Sultan Salahuddin Ayubi _xGeneral, Urdu Literature |
||
| 942 |
_2ddc _cBK |
||
| 999 |
_c71497 _d71497 |
||